| 000 | 01280nam0a2200301 4500 | ||
|---|---|---|---|
| 001 | RU\NLR\BIBL_A\012521844 | ||
| 005 | 20250624055524.0 | ||
| 021 |
_aRU _b83-18465 |
||
| 035 | _a(NLR Aleph) 012521844 | ||
| 090 |
_a12327561 _c12327561 |
||
| 100 | _a20210519d1983 |||y0rusy50 ca | ||
| 101 | 0 | _arus | |
| 102 | _aRU | ||
| 105 | _aa z|||||||| | ||
| 200 | 1 |
_aДиагностические ошибки в детской нефрологии _fГ. А. Маковецкая |
|
| 210 |
_aЛенинград _cМедицина. Ленинградское отделение _d1983 |
||
| 215 |
_a168 с. _cил. _d20 |
||
| 225 | 1 |
_aБиблиотека практического врача _iЗаболевания детского возраста |
|
| 320 | _aБиблиогр.: с. 160-166 | ||
| 606 | 1 |
_aПочки у детей _xБолезни _xДиагностика _xОшибки _91852355 _3RU\NLR\AUTH\66839496 |
|
| 606 | 1 |
_aНефрология детского возраста _91700671 _3RU\NLR\AUTH\66756998 |
|
| 686 | 1 | _aР733.414-48 | |
| 700 | 1 |
_aМаковецкая _bГ.А. _gГалина Андреевна |
|
| 852 |
_aNLR _j83-3/6242 |
||
| 942 | _cBOOK | ||
| 980 | _aNB | ||